Inside Al-Qaeda and the Taliban: Beyond Bin Laden and 9/11 / (Record no. 532814)
[ view plain ]
| 000 -LEADER | |
|---|---|
| fixed length control field | 00350nam a22001337a 4500 |
| 003 - CONTROL NUMBER IDENTIFIER | |
| control field | NUST |
| 038 ## - RECORD CONTENT LICENSOR | |
| Staff Name | M.Ramzan |
| 082 ## - DEWEY DECIMAL CLASSIFICATION NUMBER | |
| Classification number | 303.625091767 |
| Author Mark | SHA |
| 100 ## - MAIN ENTRY--PERSONAL NAME | |
| Personal name | Shahzad, Syed saleem. |
| 9 (RLIN) | 26419 |
| 245 ## - TITLE STATEMENT | |
| Title | Inside Al-Qaeda and the Taliban: Beyond Bin Laden and 9/11 / |
| 260 ## - PUBLICATION, DISTRIBUTION, ETC. | |
| Place of publication, distribution, etc. | London: |
| Name of publisher, distributor, etc. | Pluto Press, |
| Date of publication, distribution, etc. | 2011. |
| 300 ## - PHYSICAL DESCRIPTION | |
| Extent | 260 p, : |
| 942 ## - ADDED ENTRY ELEMENTS (KOHA) | |
| Source of classification or shelving scheme | |
| Koha item type | Book |
| Withdrawn status | Lost status | Source of classification or shelving scheme | Damaged status | Not for loan | Permanent Location | Current Location | Date acquired | Total Checkouts | Total Renewals | Full call number | Barcode | Date last seen | Date last checked out | Price effective from | Koha item type |
|---|---|---|---|---|---|---|---|---|---|---|---|---|---|---|---|
| School of Civil and Environmental Engineering (SCEE) | School of Civil and Environmental Engineering (SCEE) | 12/03/2019 | 2 | 3 | 303.625091767 SHA | NIT-10067 | 10/30/2024 | 09/10/2024 | 12/03/2019 | Book |
